000 01125nam a22002417a 4500
005 20250521110327.0
008 250521b |||||||| |||| 00| 0 eng d
020 _a978-93-5146-13-7 (pbk)
037 _cTB
040 _aBL
_cBL
041 _2hin
_ahin
084 _aO152,1K73x Q6
_qBL
100 _aमिश्र, विश्वनाथप्रसाद
_9809181
245 _aघनआनन्द - ग्रंथावली
260 _aवाराणसी, भारत:
_bविश्वविद्यालय प्रकाशन,
_c2016.
300 _a603पृ.
365 _b320.00
_cINR
650 _aहिन्दी कविता
650 _aहिन्दी साहित्य
700 _aउपाध्याय, राजकुमार 'मणि'
_eसंपादक
_9809182
942 _2CC
_cTB
_hO152,1K73x Q6
_n0
999 _c1428931
_d1428931